000 02294nam a22002297a 4500
003 AR-FvUNAJ
005 20230711131318.0
008 230706b ||||| |||| 00| 0 spa d
020 _a9789876030915 (versión impresa)
040 _cAR-FvUNAJ
082 1 4 _214
_a324.2
100 1 _917476
_aLicastro, Julián
245 1 0 _aDiálogos con Perón :
_blecciones actuales /
_cJulián Licastro
260 _aBuenos Aires :
_bLumiere,
_c2012
300 _a356 p.
440 _917477
_aInvestigación Histórica
_pGuillermo Gasio
520 _aPor mano y amabilidad del compañero Dr. Cámpora, he recibido su carta del 27 de enero próximo pasado y deseo agradecerle la valiosa información que me remite como su saludo que retribuyo con mi mayor afecto. Hemos conversado largamente con Cámpora y él le podrá explicar de viva voz cuanto hemos considerado sobre nuestras cosas y en especial, lo referente a la organización de la juventud.Es precisamente sobre mi 'problema de la juventud' que deseo hacerle llegar mi total coincidencia con los puntos que me menciona en su carta y, a ese efecto, se la he entregado al Dr. Cámpora para que la comente directo y personalmente con Usted. Lo felicito porque, habiéndome interesado por ese problema, lo he consultado con mucha gente de la que me visita y en caso alguno he encontrado ideas tan claras e interpretación mas justa, de acuerdo a la opinión que tengo al respecto. No sé si estaremos equivocados pero, solo ya en método para encarar el asunto, se percibe el acierto de su apreciación.He leido también el informe que me envía sobre sus actividades: comienzo a felicitarle por el continente, estilo Estado Mayor pero de los buenos. Por algo ha llegado usted tan pronto a General en nuestro Movimiento. En cuanto al contenido también debo felicitar la por la actividad que desarrolla pero mas aun por el contenido de los distintos asuntos qus ha tratado en diversas partes de su actuación.Sígale metiendo que necesitamos jóvenes que, con la capacidad suya y sus condiciones de dirigente, puedan tomar nuestras viejas banderas, ponerlas al dia y llevarlas.
650 2 4 _91748
_aHISTORIA POLITICA ARGENTINA
650 2 4 _9553
_aPERONISMO
942 _2ddc
_cLIBRO
980 _619226
_a Palazón Marcela I.
_819226
_g Palazón Marcela I.
999 _c8903
_d8903